000 00430pab a2200169 454500
008 180718b2012 xxu||||| |||| 00| 0 eng d
100 _aNagar, Komal
245 _aOrganizational commitment and job satisfaction among teachers during times of burnout
260 _c2012
300 _ap.43-60.
362 _aApr-Jun
650 _aTeachers
650 _aJob satisfaction
773 _aVikalpa
908 _aN
909 _a97080
999 _c97080
_d97080